Jonathan Cohen - Mort subite - Statistiques

Statistiques générales
  • Ce quiz a été pris 186 fois
  • Le résultat moyen est 3 sur 10
Answers on the Grid
Answers color-coded by a green-red scale on the quiz's grid according to % correct below.
16 ans ou presque
Qu'est ce qu'on a encore fait au bon Dieu ?
Supercondriaque
Astérix et Obélix: au service de sa Majesté
Papa ou maman 2
Coexister
Budapest
Raid dingue
Enorme
Camping
Une année difficile
Daaaaaali !
Les pistolets en plastique
Tout ce qui brille
Tout simplement noir
30 jours max
Aline
Une fille facile
Larguées
Papa ou maman
 
Statistiques - réponses
Réponse % Correct
Budapest
53%
Coexister
52%
Daaaaaali !
48%
Papa ou maman 2
38%
16 ans ou presque
29%
Une année difficile
27%
Enorme
23%
Supercondriaque
19%
Les pistolets en plastique
18%
Tout simplement noir
13%
Aucun quiz correspondant
Distribution des résultats
% des personnes avec chaque résultat
Percentile par nombre de réponses
Votre historique - résultats
Vous n’avez pas pris ce quiz